Estadísticas para Paisajes de México

Haz click aquí para intentar la prueba.

Estadísticas generales

  • Esta prueba ha sido intentada 10 veces
  • La puntuación promedio es 8 de 16

Estadísticas de respuestas

Respuesta% Correcto
Popocatépetl
86%
Bosque de Chapultepec
71%
Laguna de Bacalar
71%
Peña de Bernal
71%
Angelópolis
57%
La Quebrada
57%
Museo Soumaya
57%
La Rumorosa
43%
Prismas Basálticos
43%
Cerro de la Bufa
29%
Exhacienda de Chautla
29%
Grutas de Cacahuamilpa
29%
Palenque
29%
Pátzcuaro
29%
Xilitla
29%
Xochicalco
29%

Distribución de puntuación

Porcentaje por número respondido

Porcentaje de gente con cada puntuación

Historial de tus puntuaciones

No has intentado esta prueba.